00897nam a22002417a 450000500170000001000130001702000230003003500130005303700160006604000120008208200150009410000330010924500750014226000530021727000520027030000250032250000510034765000360039865000470043494200240048199900190050595201310052420170124110227.0 aA-943885 c400.00a8170249678 aA-943885 bCen Lib/Ret aDPLbEN a363.2bVAD aVadackumchery, James 940889 aIndian police-2001 :cby James Vadackumchery bwhat went wrong here? / aNew Delhi bA.P.H. Publishing Corporation c1998 bNew Delhi a5, ansari road, dariya ganje110002 axxi, 191p.c21cm(Hb) aIncludes bibliographical references and index  aTort liability of police915279 aCriminal justice, Administration of940890 2ddccENh363.2mVAD c134497d134497 001040718REFaLbLd2015-07-30eCen Lib/Retg400.00l0o363.2 VADpA-943885r2015-07-30 00:00:00t1v400.00w2015-07-30yEN